000
00332pab a2200145 454500
008
180718b1999 xxu||||| |||| 00| 0 eng d
100
_a
Thudipara, Jacob Z.
245
_a
Strengthen civil society
260
_c
1999
300
_a
p.31-32
362
_a
May
650
_a
Civil society
773
_a
Social Welfare
909
_a
40773
999
_c
40773
_d
40773